Équipe du Sénégal de Football - Tous les joueurs (2000-....) - Statistiques

Statistiques générales
  • Ce quiz a été pris 431 fois
    368 depuis la dernière actualisation
  • Le résultat moyen est 73 sur 158
Statistiques - réponses
Première sélection Dernière sélection Joueur Nb de sélections % Correct
2012 Sadio Mané 91
96%
2012 Ousmane Mané 5
86%
2020 Boulaye Dia 17
84%
2008 2019 Issiar Dia 21
84%
2018 Edouard Mendy 25
80%
2011 Idrissa Gueye 94
80%
2021 Nampalys Mendy 17
80%
2021 Pape Gueye 10
80%
2004 2008 Babacar Gueye 25
79%
2008 2008 Cheikh Gueye 4
79%
2003 2009 Frédéric Mendy 36
79%
2012 2012 Papa Gueye 5
79%
2017 Arial Mendy 4
78%
2016 Ismaïla Sarr 47
78%
2015 Kalidou Koulibaly 62
78%
2021 Pape Matar Sarr 7
78%
2021 Bouna Sarr 13
77%
2000 2004 Pape Sarr 54
77%
2018 Sidy Sarr 5
77%
2001 2010 Mohamed Sarr 16
76%
2014 Saliou Ciss 37
72%
2000 2008 El-Hadji Diouf 70
70%
2021 Abdou Diallo 17
69%
2015 Abdoulaye Diallo 17
69%
2018 Habib Diallo 14
69%
1996 2004 Omar Diallo 32
69%
2012 2013 Abdoulaye Ba 6
68%
2000 2000 Cheikh Sidy Ba 9
68%
2007 2015 Demba Ba 22
68%
2000 2006 Issa Ba 18
68%
2009 2009 Mamadou Ba 1
68%
2009 Mame Biram Diouf 47
68%
2020 Ousseynou Ba 2
68%
2006 2008 Papa Malick Ba 11
68%
2004 2006 Pape Mamadou Diouf 4
68%
2005 2006 Pape Samba Ba 5
68%
2022 Iliman Ndiaye 1
66%
2009 2018 Khadim N'Diaye 27
66%
1998 2007 Moussa N'Diaye 58
66%
2001 2003 Sylvain N'Diaye 24
66%
2013 2018 Alfred N'Diaye 27
65%
1999 2005 Aliou Cissé 35
65%
2017 Amadou Dia N'Diaye 5
65%
1999 2001 Assane N'Diaye 37
65%
2014 Badou Ndiaye 32
65%
2005 2014 Cheick N'Diaye 10
65%
2009 2013 Deme N'Diaye 14
65%
2001 2002 Makhtar N'Diaye 16
65%
2005 2005 Momar N'Diaye 1
65%
2007 2008 Papa Waigo N'Diaye 15
65%
2017 Pape Seydou N'Diaye 1
65%
2018 Pape Abou Cissé 12
63%
2002 2012 Mamadou Niang 59
62%
2009 2015 Papiss Cissé 36
62%
2020 Bingourou Kamara 2
61%
2003 2011 Diomansy Kamara 50
61%
2017 M'Baye Niang 23
61%
2001 2008 Papa Bouba Diop 63
61%
1999 2008 Henri Camara 99
60%
1999 2001 Ousmane Diop 17
59%
2010 2017 Papakouli Diop 20
59%
2020 Pape Cheikh Diop 3
59%
1998 2006 Pape Malick Diop 56
59%
2000 2000 Pape Seydou Diop 3
59%
2002 2012 Souleymane Camara 35
59%
2012 Cheikhou Kouyaté 82
55%
2021 Bamba Dieng 11
54%
2021 Seny Dieng 3
54%
2019 Krépin Diatta 24
50%
2000 2008 Lamine Diatta 71
50%
2010 Lamine Sané 31
49%
2013 Salif Sané 33
49%
2011 2011 Abdoulaye Sané 2
48%
2017 Alfred Gomis 13
48%
1987 2002 Amara Traoré 36
48%
2014 2015 Lys Gomis 4
48%
2008 2012 Rémi Gomis 15
48%
2011 2013 Armand Traoré 5
47%
1996 2000 Oumar Traoré 25
47%
2017 Youssouf Sabaly 24
45%
2021 Fodé Ballo-Touré 13
44%
2012 Zargo Touré 18
44%
1999 2000 Mame Ibra Touré 5
43%
2009 2018 Moussa Sow 50
41%
2001 2008 Habib Beye 35
39%
2012 Ibrahima Baldé 3
39%
2016 Keita Baldé 40
39%
2019 Moutarou Baldé 6
39%
2010 2015 Dame N'Doye 28
38%
2000 2008 Khalilou Fadiga 37
38%
2021 Mamadou Fall 1
38%
1998 2000 Pape Niokhor Fall 18
38%
2014 2019 Cheikh N'Doye 30
37%
2003 2008 Ousmane N'Doye 27
37%
1993 2000 Salif Keita 12
37%
2001 2006 Amdy Faye 34
36%
1998 2000 Abdoulaye M'Baye 3
35%
2000 2001 Fary Faye 4
35%
2003 2008 Ibrahima Faye 28
35%
2014 Ibrahima Mbaye 8
35%
2000 2009 Salif Diao 39
35%
2013 Abdoulaye Seck 5
34%
2000 2007 Ferdinand Coly 44
34%
2014 Ibrahima Seck 1
34%
2019 Racine Coly 4
34%
1999 2008 Tony Sylva 83
33%
2016 Fallou Diagne 3
32%
2018 Mbaye Diagne 11
32%
2005 2013 Moustapha Bayal Sall 29
32%
2014 2019 Diafra Sakho 12
31%
2004 2004 Lamine Sakho 2
31%
1998 2012 Omar Daf 55
31%
2002 2012 Souleymane Diawara 48
31%
2012 Moussa Konaté 31
30%
2016 Adama Mbengue 8
28%
2011 2017 Cheikh M'Bengue 26
28%
2014 Famara Diédhiou 24
28%
2017 Moussa Wagué 19
28%
2001 2002 Alassane N'Dour 8
26%
2011 Lamine Gassama 49
26%
2005 2012 Pape Diakhaté 39
26%
2020 Mame Thiam 4
25%
2001 2003 Pape Thiaw 16
25%
2013 Henri Saivet 27
24%
2002 2002 Kalidou Cissokho 1
24%
2011 Kara Mbodji 47
23%
1999 2000 Mamadou Sylla 5
23%
1999 2000 Papa Daouda Sène 7
23%
2007 2016 Bouna Coundoul 29
22%
2000 2000 Daouda Ly 1
22%
2009 2012 Jacques Faty 12
22%
2012 2012 Ricardo Faty 5
22%
2012 Stéphane Badji 16
21%
2020 Joseph Lopy 7
20%
2019 Mamadou Loum 3
20%
2000 2001 Mbaye Badji 6
20%
2019 Youssouph Mamadou Badji 3
20%
2011 2017 Mohamed Diamé 31
19%
2020 Moustapha Name 5
19%
2012 2018 Pape Souaré 22
19%
2008 2008 Ibrahima Sonko 5
18%
2017 Alassane Ndao 6
16%
2005 2012 Guirane N'Daw 41
16%
2013 2018 Oumar Niasse 9
16%
2013 Papy Djilobodji 17
16%
2005 2006 Rahmane Barry 9
16%
2009 2017 Mickaël Tavares 25
15%
2019 Sada Thioub 7
15%
2005 2014 Boukary Dramé 15
14%
2003 2012 Kader Mangane 23
14%
2017 Opa Nguette 10
13%
2017 Assane Dioussé 3
10%
2007 2013 Modou Sougou 12
10%
2015 2017 Younousse Sankharé 7
10%
2021 Abdallah Sima 4
9%
2017 2017 Daouda Diémé 4
9%
2004 2006 Dino Djiba 5
9%
2020 Franck Kanouté 2
8%
Aucun quiz correspondant
Distribution des résultats
% des personnes avec chaque résultat
Percentile par nombre de réponses
Votre historique - résultats
Vous n’avez pas pris ce quiz depuis la dernière actualisation